000 00243nam a2200109Ia 4500
008 220204s9999 xx 000 0 und d
082 _a82-3
_bLEI
100 _aFritz
245 4 _aThe Wanderer
260 _aEngland
_bPenguin
_c1976
942 _cBK
999 _c26268
_d26268